top 2 floppa - Statystyki

Ogólne statystyki
  • Ten quiz został rozwiązany 30 razy
  • Średni wynik to 8 z 15
Statystyki odpowiedzi
Hint Odpowiedź % Poprawnych
9 f
100%
7 l
100%
3 o
100%
1213 p
100%
4 p
100%
6 a
92%
4 flo ppa
77%
2 flopa
42%
2 appolf
35%
1 sad floppa
15%
5 cuCUMber floppa
8%
0 floppa od tyłu to appolfappolf=adolf??
8%
3 ftopa
8%
9 god floppa
8%
6 omg floppa
4%
Nie znaleziono quizów pasujących do podanych kryteriów
Rozkład punktacji
Procent ludzi z każdym wynikiem
Percentyl według liczby udzielonych odpowiedzi
Twoja historia wyników
Nie rozwiązałeś tego quizu